• 首页
  • 本馆介绍
  • 公告通知
  • 最新文献
  • 馆藏检索
  • 电子资源
  • 读者导购
  • 参考咨询
  • 我的图书馆
  • 登录
  • 详细信息显示
  • 放入我的书架
  • 预约/预借图书
  • 作者相关作品
  • 分类相关作品
  • 丛书相关作品
  • 出版社相关作品

书目信息

  • 表格格式
  • 工作单格式
  • 卡片格式
题名:
公共经济学
    
 
作者: 樊勇明 , 杜莉 编著
分册:  
出版信息: 上海   复旦大学出版社  2001.3
页数: 355页
开本: 23cm
丛书名: MPA (公共管理硕士)系列
单 册:
中图分类: F062.6
科图分类:
主题词: 公共经济学--gong gong jing ji xue--研究生--教材
电子资源:
ISBN: 7-309-02764-7
000 00870nam0 2200265 45
001 CAL 012001193246
005 20031219104054.0
010    @a7-309-02764-7@dCNY33.00
100    @a20010420d2001 ekmy0chiy0120 ea
101 0  @achi
102    @aCN@b310000
105    @aak 000yy
106    @ar
200 1  @a公共经济学@Agong gong jing ji xue@f樊勇明,杜莉编著
210    @a上海@c复旦大学出版社@d2001.3
215    @a355页@c图@d23cm
225 2  @aMPA (公共管理硕士)系列@Ampa ( gong gong guan li shuo shi ) xi lie
333    @a读者对象:大专院校政治、行政专业本、专科生,MPA学员。
410  0 @12001 @aMPA公共管理硕士系列
606    @a公共经济学@Agong gong jing ji xue@x研究生@j教材
690    @aF062.6@v4
701  0 @a樊勇明@Afan yong ming@f1949-@4编著
701  0 @a杜莉@Adu li@f1972-@4编著
801    @aCN@bTSTC@c20020403
905    @b307368-372@dF062.6@e19@f5
    
    公共经济学/樊勇明,杜莉编著.-上海:复旦大学出版社,2001.3
    355页:图;23cm.-(MPA (公共管理硕士)系列)
    使用对象:读者对象:大专院校政治、行政专业本、专科生,MPA学员。
    
    ISBN 7-309-02764-7:CNY33.00
    
●
相关链接 在E读中查询图书 在五车中查询图书 在当当中查询图书 在豆瓣中查询图书


正题名:公共经济学     索取号:F062.6/19         预约/预借

序号 登录号 条形码 馆藏地/架位号 状态 备注
1 0307368   203073681   第一样本阅览室/ [索取号:F062.6/19] 在馆    
2 0307369   203073690   第一借阅区/ [索取号:F062.6/19] 在馆    
3 0307370   203073707   第一借阅区/ [索取号:F062.6/19] 在馆    
4 0307371   203073716   第一借阅区/ [索取号:F062.6/19] 在馆    
5 0307372   203073725   第一借阅区/ [索取号:F062.6/19] 在馆    
唐山师范学院图书馆 欢迎您!
大连网信软件有限公司© 版权所有